000 00803nam a2200193 u 4500
001 000253551
003 AM-YeHGA
005 20250618071713.0
008 030811s1955 ai r 000 0 arm d
040 _aAM-YeHGA
100 1 _aՍտեփանյան, Անժելա Մարտիրոսի,
_d1917-2002
_91772
245 1 0 _aՏաթևիկի ճանապարհորդությունը /
_cԱ. Ստեփանյան; Խմբ.՝ Շ. Թաթիկյան; Նկ.՝ Ա. Գևորգյան.
260 _aԵրևան :
_bՀայպետհրատ,
_c1955.
300 _a88 էջ :
_bնկ. ;
_c22 սմ.
650 1 4 _aՀայ մանկական գրականություն
_xՊատմվածք
700 1 _aԹաթիկյան, Շահեն Ստեփանի,
_d1924-1992
_eխմբ.
_4edt
_91127
700 1 _aԳևորգյան, Ա.
_eնկ.
_4art
090 _c92407
999 _c91112
_d91112